[Event "17. Europa ch Juvenil - Femenino s14"]
[Site "Sibenik CRO"]
[Date "2007.09.20"]
[Round "7.7"]
[White "Stodolnik, Alicja"]
[Black "Danelia, Mariam"]
[Result "0-1"]
[WhiteElo "1789"]
[BlackElo "2066"]
[PlyCount "92"]
[EventDate "2007.09.14"]
[EventType "swiss"]
[EventRounds "9"]
[EventCountry "CRO"]
[Source "lmi"]
[SourceDate "2007.09.14"]

1. e4 c5 2. Nf3 d6 3. Bb5+ Bd7 4. Bxd7+ Qxd7 5. O-O Nc6 6. c3 Nf6 7. d4 cxd4 8.
cxd4 Nxe4 9. d5 Ne5 10. Nxe5 dxe5 11. Re1 Nd6 12. Rxe5 Nc4 13. Re4 Nb6 14. Nc3
Rd8 15. Qe1 Nxd5 16. Rd4 Qc6 17. Bg5 Nc7 18. Rxd8+ Kxd8 19. Rd1+ Ke8 20. Bf4
Ne6 21. Bg3 g6 22. Qe5 f6 23. Qb8+ Kf7 24. Qxa7 h5 25. h3 g5 26. Qa4 Qb6 27.
Qb5 Qxb5 28. Nxb5 Bg7 29. Rd7 f5 30. Bd6 Bf6 31. Rxb7 Rc8 32. a4 Rc1+ 33. Kh2
Nd8 34. Ra7 Nc6 35. Rc7 Ke6 36. b4 exd6 37. Na7 Be5+ 38. g3 Rc2 39. Rxc6 Rxf2+
40. Kh1 Rb2 41. b5 Bxg3 42. b6 Kd5 43. a5 f4 44. Rc1 f3 45. Nc8 Rh2+ 46. Kg1
f2+ 0-1

[Event "17. Europa ch Juvenil - Femenino s14"]
[Site "Sibenik CRO"]
[Date "2007.09.20"]
[Round "7.8"]
[White "Kluchik, Julia"]
[Black "Chrzaszcz, Malvina"]
[Result "1/2-1/2"]
[WhiteElo "2049"]
[BlackElo "1872"]
[PlyCount "74"]
[EventDate "2007.09.14"]
[EventType "swiss"]
[EventRounds "9"]
[EventCountry "CRO"]
[Source "lmi"]
[SourceDate "2007.09.14"]

1. e4 c5 2. Nf3 d6 3. d4 cxd4 4. Nxd4 Nf6 5. Nc3 a6 6. g3 e5 7. Nde2 Be6 8. Bg2
Be7 9. O-O Nbd7 10. Kh1 b5 11. f4 Qb6 12. a4 b4 13. Nd5 Bxd5 14. exd5 Qc5 15.
c3 a5 16. cxb4 axb4 17. Qb3 O-O 18. Bd2 Rab8 19. a5 Qb5 20. Nc1 Ne4 21. Qe3
Nxd2 22. Qxd2 Ra8 23. Nb3 Bd8 24. a6 Qc4 25. Na5 Bxa5 26. Rxa5 Nc5 27. Rc1 Qd4
28. Qxd4 exd4 29. Rd1 d3 30. Bf1 Nxa6 31. Bxd3 Nc5 32. Rb5 Rfb8 33. Rxb8+ Rxb8
34. Bc4 Re8 35. Kg2 g6 36. Kf3 Kg7 37. Rd4 Rb8 1/2-1/2

[Event "17. Europa ch Juvenil - Femenino s14"]
[Site "Sibenik CRO"]
[Date "2007.09.20"]
[Round "7.9"]
[White "Remoli Sargues, Lidia"]
[Black "Lefevre, Margaux"]
[Result "1-0"]
[WhiteElo "1894"]
[BlackElo "1889"]
[PlyCount "49"]
[EventDate "2007.09.14"]
[EventType "swiss"]
[EventRounds "9"]
[EventCountry "CRO"]
[Source "lmi"]
[SourceDate "2007.09.14"]

1. d4 Nf6 2. Bg5 c5 3. Bxf6 gxf6 4. d5 Qb6 5. Qc1 f5 6. c4 Bg7 7. Nc3 d6 8. e3
Nd7 9. Qc2 Qa5 10. Nf3 b5 11. cxb5 Nb6 12. Qd2 Bb7 13. Rd1 Rd8 14. Be2 Bxc3 15.
Qxc3 Qxc3+ 16. bxc3 Bxd5 17. Ra1 Rg8 18. Rg1 Rg4 19. Bd1 Rb8 20. h3 Rg6 21. a4
Nc4 22. Nh4 Rg5 23. Be2 e6 24. Nf3 Ke7 25. Nxg5 1-0

[Event "17. Europa ch Juvenil - Femenino s14"]
[Site "Sibenik CRO"]
[Date "2007.09.20"]
[Round "7.10"]
[White "Baciu, Diana"]
[Black "Anakidze, Nino"]
[Result "1-0"]
[WhiteElo "2048"]
[BlackElo "1868"]
[PlyCount "43"]
[EventDate "2007.09.14"]
[EventType "swiss"]
[EventRounds "9"]
[EventCountry "CRO"]
[Source "lmi"]
[SourceDate "2007.09.14"]

1. e4 c6 2. d4 d5 3. Nc3 dxe4 4. Nxe4 Nd7 5. Nf3 Ngf6 6. Nxf6+ Nxf6 7. Ne5 e6
8. c3 Bd6 9. Bd3 Qc7 10. Qe2 a6 11. Bf4 Bd7 12. O-O O-O 13. Rfe1 Rfe8 14. Bg5
Be7 15. Bxf6 Bxf6 16. Bxh7+ Kf8 17. Bc2 Red8 18. Qh5 Be8 19. Bb3 g6 20. Qh6+
Kg8 21. Qf4 Qe7 22. Nxg6 1-0

[Event "17. Europa ch Juvenil - Femenino s14"]
[Site "Sibenik CRO"]
[Date "2007.09.20"]
[Round "7.11"]
[White "Efremova, Daria"]
[Black "Nesic, Dragana"]
[Result "1/2-1/2"]
[WhiteElo "2033"]
[BlackElo "1891"]
[PlyCount "117"]
[EventDate "2007.09.14"]
[EventType "swiss"]
[EventRounds "9"]
[EventCountry "CRO"]
[Source "lmi"]
[SourceDate "2007.09.14"]

1. e4 d5 2. exd5 Qxd5 3. Nc3 Qa5 4. d4 c6 5. Nf3 Nf6 6. Bc4 Bf5 7. Bd2 Qc7 8.
Bb3 e6 9. Qe2 Bd6 10. h3 Nbd7 11. O-O-O O-O-O 12. Nh4 Bg6 13. Qf3 Nb6 14. Nxg6
hxg6 15. Ne2 Qe7 16. c4 Bc7 17. Rhe1 Ne8 18. Qc3 Qh4 19. Be3 Nf6 20. Ng1 Bf4
21. Nf3 Bxe3+ 22. Qxe3 Qh6 23. Ne5 Qxe3+ 24. Rxe3 Rhf8 25. a4 Nbd7 26. Nf3 Rfe8
27. Ng5 Rf8 28. Kc2 Kc7 29. d5 exd5 30. cxd5 cxd5 31. Bxd5 Nxd5 32. Rxd5 Kc6
33. Rd2 Nc5 34. Rxd8 Rxd8 35. Nxf7 Rf8 36. Rf3 Kb6 37. Ne5 Rxf3 38. Nxf3 Nxa4
39. Nh4 Nc5 40. Nxg6 a5 41. f4 Kc6 42. g4 Kd6 43. f5 Ne4 44. h4 Nf6 45. g5 Nh5
46. Kd3 b5 47. Ke4 a4 48. Kd4 b4 49. Ne5 Nf4 50. Nc4+ Ke7 51. Kc5 Nd3+ 52. Kb5
a3 53. bxa3 bxa3 54. Nxa3 Ne5 55. h5 Nf7 56. f6+ gxf6 57. g6 Nh6 58. Nc4 Ke6
59. Kc5 1/2-1/2

[Event "17. Europa ch Juvenil - Femenino s14"]
[Site "Sibenik CRO"]
[Date "2007.09.20"]
[Round "7.13"]
[White "Bazhenova, Dina"]
[Black "Adamowicz, Katarzyna"]
[Result "0-1"]
[WhiteElo "1910"]
[BlackElo "2007"]
[PlyCount "48"]
[EventDate "2007.09.14"]
[EventType "swiss"]
[EventRounds "9"]
[EventCountry "CRO"]
[Source "lmi"]
[SourceDate "2007.09.14"]

1. e4 e5 2. f4 exf4 3. Bc4 Nf6 4. Nc3 Nc6 5. d4 Bb4 6. Qd3 d5 7. exd5 Nxd5 8.
Qe4+ Be6 9. Bxd5 Qxd5 10. Qxd5 Bxd5 11. Kf2 Bxc3 12. bxc3 g5 13. h4 f6 14. hxg5
fxg5 15. Rh5 h6 16. Nf3 O-O-O 17. Bb2 Bf7 18. Rh2 g4 19. Rh4 gxf3 20. d5 Rxd5
21. c4 Rd2+ 22. Kxf3 Rg8 23. Rxf4 Rgxg2 24. Rf1 Bh5+ 0-1

[Event "17. Europa ch Juvenil - Femenino s14"]
[Site "Sibenik CRO"]
[Date "2007.09.20"]
[Round "7.14"]
[White "Purgar, Ivona"]
[Black "Suarez Calvo, Alexandra"]
[Result "1-0"]
[WhiteElo "1944"]
[BlackElo "1970"]
[PlyCount "45"]
[EventDate "2007.09.14"]
[EventType "swiss"]
[EventRounds "9"]
[EventCountry "CRO"]
[Source "lmi"]
[SourceDate "2007.09.14"]

1. e4 e6 2. d4 d5 3. Nd2 c5 4. exd5 Qxd5 5. Ngf3 cxd4 6. Bc4 Qd6 7. Qe2 Nf6 8.
Nb3 Nc6 9. Bg5 Bd7 10. O-O-O Be7 11. Nbxd4 Nxd4 12. Rxd4 Qc5 13. Rhd1 Bc6 14.
h4 O-O 15. Ne5 Kh8 16. g4 a6 17. h5 b5 18. Bb3 a5 19. a3 h6 20. Bh4 a4 21. Ba2
Bd5 22. Bxd5 Nxd5 23. Rxd5 1-0

[Event "17. Europa ch Juvenil - Femenino s14"]
[Site "Sibenik CRO"]
[Date "2007.09.20"]
[Round "7.17"]
[White "Trapeznikova, Darya"]
[Black "Vericeanu, Ilinca"]
[Result "1/2-1/2"]
[WhiteElo "1959"]
[BlackElo "1669"]
[PlyCount "109"]
[EventDate "2007.09.14"]
[EventType "swiss"]
[EventRounds "9"]
[EventCountry "CRO"]
[Source "lmi"]
[SourceDate "2007.09.14"]

1. d4 Nf6 2. c4 e6 3. Nc3 Bb4 4. e3 O-O 5. Bd3 d5 6. Nf3 c5 7. a3 Bxc3+ 8. bxc3
Qc7 9. Qc2 b6 10. cxd5 exd5 11. O-O c4 12. Be2 Nc6 13. Nd2 Re8 14. h3 g6 15.
Bf3 Bf5 16. Qa4 a6 17. Re1 b5 18. Qd1 a5 19. g4 Bd3 20. Be2 Rxe3 21. fxe3 Qg3+
22. Kh1 Qxh3+ 23. Kg1 Qxe3+ 24. Kg2 Bxe2 25. Qxe2 Qxc3 26. Ra2 Re8 27. Qf3 Qxd4
28. Rxe8+ Nxe8 29. Nf1 Ne5 30. Qf4 Qxf4 31. Bxf4 Nd3 32. Bh6 c3 33. Ne3 d4 34.
Nc2 Nf6 35. Nxd4 Nxg4 36. Bg5 f6 37. Bh4 g5 38. Bg3 h5 39. Bc7 Ne3+ 40. Kf3 c2
41. Rxc2 Nxc2 42. Nxc2 b4 43. axb4 axb4 44. Ke3 b3 45. Kxd3 bxc2 46. Kxc2 f5
47. Bd8 g4 48. Bh4 f4 49. Kd3 g3 50. Ke2 g2 51. Kf2 f3 52. Bg3 Kf7 53. Bh2 Kg6
54. Kxf3 Kf5 55. Kxg2 1/2-1/2

[Event "17. Europa ch Juvenil - Femenino s14"]
[Site "Sibenik CRO"]
[Date "2007.09.21"]
[Round "8.1"]
[White "Arabidze, Meri"]
[Black "Paikidze, Nazi"]
[Result "0-1"]
[WhiteElo "2095"]
[BlackElo "2230"]
[PlyCount "166"]
[EventDate "2007.09.14"]
[EventType "swiss"]
[EventRounds "9"]
[EventCountry "CRO"]
[Source "lmi"]
[SourceDate "2007.09.14"]

1. d4 Nf6 2. c4 e6 3. g3 d5 4. Bg2 dxc4 5. Nf3 a6 6. a4 Nc6 7. O-O Bb4 8. Na3
c3 9. Nc2 cxb2 10. Bxb2 Be7 11. Re1 O-O 12. e4 Nb4 13. Ne5 c5 14. Nxb4 cxb4 15.
a5 Bd7 16. Nxd7 Qxd7 17. d5 exd5 18. e5 Ne8 19. Bxd5 Qb5 20. Qf3 Nc7 21. Bxb7
Rad8 22. Bc6 Qd3 23. Qh5 g6 24. Qe2 Ne6 25. Be4 Qxe2 26. Rxe2 Nc5 27. Rae1 Nxe4
28. Rxe4 Rd5 29. e6 fxe6 30. Rxe6 Bc5 31. R1e2 Rdf5 32. Rxa6 Rxf2 33. Rxf2
Bxf2+ 34. Kg2 Be3 35. Rf6 Rxf6 36. Bxf6 Kf7 37. Bb2 Ke6 38. Kf3 Bg1 39. Ke4 Kd6
40. Bd4 b3 41. Be5+ Kc5 42. a6 Kb6 43. Kd3 Kxa6 44. Kc3 Kb5 45. Kxb3 Kc5 46. g4
Kd5 47. Bc7 Ke4 48. Kc4 Kf3 49. g5 Kg4 50. Kd3 Kh3 51. Ke2 Bxh2 52. Bd8 Kg4 53.
Kf2 Bf4 54. Kg2 Bxg5 55. Bb6 h5 56. Ba5 h4 57. Bb6 Bf4 58. Bd8 Bg5 59. Ba5 Be7
60. Bd2 Bd6 61. Be3 Bf4 62. Bb6 Kh5 63. Bd8 Bg5 64. Bb6 Be7 65. Be3 Kg4 66. Bd2
Bd6 67. Bc1 h3+ 68. Kh1 Kf5 69. Bd2 Bf4 70. Be1 g5 71. Bf2 Ke4 72. Bh4 g4 73.
Bf2 Kf3 74. Bh4 Bg3 75. Be7 Ke2 76. Bf6 Bf4 77. Bh4 Kf3 78. Be1 Be3 79. Bg3 Bf4
80. Be1 Bg5 81. Kg1 Be3+ 82. Kh1 Bf2 83. Bc3 g3 0-1

[Event "17. Europa ch Juvenil - Femenino s14"]
[Site "Sibenik CRO"]
[Date "2007.09.21"]
[Round "8.2"]
[White "Neuhauser, Salome"]
[Black "Zakoscielna, Kinga"]
[Result "1-0"]
[WhiteElo "1878"]
[BlackElo "2020"]
[PlyCount "97"]
[EventDate "2007.09.14"]
[EventType "swiss"]
[EventRounds "9"]
[EventCountry "CRO"]
[Source "lmi"]
[SourceDate "2007.09.14"]

1. d4 Nf6 2. Nf3 e6 3. e3 c5 4. c3 b6 5. Bd3 Bb7 6. Nbd2 d5 7. Ne5 Bd6 8. f4
Nbd7 9. Qf3 Qe7 10. O-O O-O-O 11. Qd1 Bxe5 12. fxe5 Ne8 13. a4 f6 14. exf6 gxf6
15. a5 Nd6 16. axb6 axb6 17. b3 e5 18. Ba3 exd4 19. Re1 dxc3 20. Nb1 Qe5 21.
Ra2 b5 22. b4 c4 23. Bf1 Rde8 24. Ree2 Nb8 25. Qe1 Ne4 26. Rac2 Rhg8 27. Qc1
Nd7 28. Nxc3 Nxc3 29. Rxc3 d4 30. Rd3 Bf3 31. exd4 Bxe2 32. dxe5 Bxd3 33. Bxd3
Rxe5 34. Bxc4 Rgg5 35. Bxb5+ Kd8 36. Ba6 Rd5 37. Qc8+ Ke7 38. b5+ Kf7 39. Qc2
Kg7 40. h3 Rg3 41. Bb4 Rgd3 42. Kh2 Rd1 43. Qe2 R5d4 44. Qe7+ Kg6 45. Bc3 Rd6
46. Bb7 Nc5 47. Bf3 Nd7 48. Be4+ Kg5 49. Qg7+ 1-0

[Event "17. Europa ch Juvenil - Femenino s14"]
[Site "Sibenik CRO"]
[Date "2007.09.21"]
[Round "8.3"]
[White "Bulmaga, Irina"]
[Black "Remoli Sargues, Lidia"]
[Result "0-1"]
[WhiteElo "2158"]
[BlackElo "1894"]
[PlyCount "128"]
[EventDate "2007.09.14"]
[EventType "swiss"]
[EventRounds "9"]
[EventCountry "CRO"]
[Source "lmi"]
[SourceDate "2007.09.14"]

1. e4 c5 2. Nf3 Nc6 3. Bb5 g6 4. O-O Bg7 5. c3 Nf6 6. Re1 O-O 7. e5 Nd5 8. d4
cxd4 9. cxd4 Nc7 10. Nc3 Nxb5 11. Nxb5 d6 12. exd6 exd6 13. Bg5 Qb6 14. Nxd6
Bg4 15. d5 Bxf3 16. gxf3 Nd4 17. Be7 Rfb8 18. Ne4 Nf5 19. Bc5 Qxb2 20. Qd3 Qe5
21. Ng3 Qc3 22. Qxc3 Bxc3 23. Ne4 Bxa1 24. Rxa1 Rd8 25. Rd1 b6 26. Ba3 Rac8 27.
Bb2 Nd6 28. Nf6+ Kg7 29. Re1 Nf5 30. Ne4+ Kg8 31. Rd1 Nd6 32. Nf6+ Kg7 33. Be5
Nc4 34. f4 Nxe5 35. fxe5 Rc5 36. f4 Rc4 37. Rf1 Rd4 38. Kg2 R4xd5 39. Nxd5 Rxd5
40. Kg3 Rd3+ 41. Kg4 Rd2 42. h4 h5+ 43. Kf3 Rxa2 44. Rg1 Ra5 45. Rf1 Kf8 46.
Ke4 Ke7 47. Rc1 Rc5 48. Ra1 a5 49. Rb1 b5 50. Kd4 Rc4+ 51. Kd5 Rxf4 52. Rxb5
Rxh4 53. Rxa5 Rf4 54. Ra7+ Kf8 55. Ra8+ Kg7 56. Ra7 Kh6 57. Kd6 h4 58. Ke7 h3
59. Ra3 Rh4 60. Ra1 h2 61. Rh1 Kg7 62. e6 fxe6 63. Kxe6 Kh6 64. Ke5 Kh5 0-1

[Event "17. Europa ch Juvenil - Femenino s14"]
[Site "Sibenik CRO"]
[Date "2007.09.21"]
[Round "8.4"]
[White "Butuc, Maria"]
[Black "Soloviova, Liza"]
[Result "0-1"]
[WhiteElo "2082"]
[BlackElo "2098"]
[PlyCount "114"]
[EventDate "2007.09.14"]
[EventType "swiss"]
[EventRounds "9"]
[EventCountry "CRO"]
[Source "lmi"]
[SourceDate "2007.09.14"]

1. Nf3 Nf6 2. c4 d6 3. d4 Nbd7 4. Nc3 e5 5. e4 Be7 6. Be2 O-O 7. O-O c6 8. Be3
Re8 9. d5 c5 10. a3 Nf8 11. b4 b6 12. Nd2 Ng6 13. Rb1 Bd7 14. Qc2 Ng4 15. Bxg4
Bxg4 16. f3 Bd7 17. Ne2 Bg5 18. Bf2 h5 19. bxc5 bxc5 20. Rb7 Bh6 21. Rfb1 Bc8
22. Rb8 Rxb8 23. Rxb8 Qc7 24. Rb2 Qa5 25. Nc3 Bd7 26. Ndb1 Qa6 27. Qb3 Rd8 28.
Qb7 Qxc4 29. Qc7 Bg5 30. Qxd6 Bb5 31. Qxd8+ Bxd8 32. Rxb5 Bb6 33. g3 Ne7 34. a4
Nc8 35. a5 Bd8 36. Rxc5 Qa6 37. Rc6 Qb7 38. a6 Qb8 39. Na3 Ne7 40. Rc4 Bb6 41.
Nab5 Bxf2+ 42. Kxf2 Qb6+ 43. Kg2 Qe3 44. d6 Ng6 45. Rc7 Qd2+ 46. Kf1 h4 47. d7
Nf8 48. Nd5 Nxd7 49. Rxd7 Qd3+ 50. Kg2 Qxb5 51. Rxa7 Qe2+ 52. Kh3 Qxf3 53. Ra8+
Kh7 54. a7 Qa3 55. Nc7 Kg6 56. Nb5 Qf3 57. Rh8 Kg5 0-1

[Event "17. Europa ch Juvenil - Femenino s14"]
[Site "Sibenik CRO"]
[Date "2007.09.21"]
[Round "8.5"]
[White "Danelia, Mariam"]
[Black "Suslova, Alena"]
[Result "1/2-1/2"]
[WhiteElo "2066"]
[BlackElo "2091"]
[PlyCount "106"]
[EventDate "2007.09.14"]
[EventType "swiss"]
[EventRounds "9"]
[EventCountry "CRO"]
[Source "lmi"]
[SourceDate "2007.09.14"]

1. d4 Nf6 2. c4 g6 3. Nc3 Bg7 4. e4 d6 5. f3 O-O 6. Be3 e5 7. Nge2 c6 8. d5
cxd5 9. cxd5 Nh5 10. g4 Nf4 11. Nxf4 exf4 12. Bxf4 f5 13. gxf5 gxf5 14. Bg3
fxe4 15. Nxe4 Bxb2 16. Rb1 Bg7 17. Be2 Bf5 18. O-O Bxe4 19. fxe4 Nd7 20. Bxd6
Qg5+ 21. Kh1 Rxf1+ 22. Qxf1 Qg6 23. Qf4 Re8 24. Bf3 Ne5 25. Bxe5 Bxe5 26. Qg4
Qxg4 27. Bxg4 b6 28. Be6+ Kg7 29. Rg1+ Kh6 30. Rf1 Re7 31. Rf5 Bd4 32. e5 Rg7
33. h4 Rg1+ 34. Kh2 Re1 35. Rf6+ Kg7 36. Rf7+ Kg6 37. Rf6+ Kg7 38. Rf7+ Kg6 39.
Rxa7 Bxe5+ 40. Kg2 Bf6 41. Kg3 Rg1+ 42. Kf2 Rc1 43. Bf7+ Kf5 44. h5 Ke4 45. d6
Rc2+ 46. Kf1 Rd2 47. d7 Bg5 48. Bc4 h6 49. Bb5 Kf3 50. Ra3+ Ke4 51. Bc6+ Kf5
52. Ke1 Kg4 53. Bf3+ Kf5 1/2-1/2

[Event "17. Europa ch Juvenil - Femenino s14"]
[Site "Sibenik CRO"]
[Date "2007.09.21"]
[Round "8.6"]
[White "Vombek, Sara"]
[Black "Tjolsen, Katrine"]
[Result "0-1"]
[WhiteElo "1873"]
[BlackElo "2081"]
[PlyCount "92"]
[EventDate "2007.09.14"]
[EventType "swiss"]
[EventRounds "9"]
[EventCountry "CRO"]
[Source "lmi"]
[SourceDate "2007.09.14"]

1. e4 c5 2. Nf3 g6 3. d4 cxd4 4. Nxd4 Nc6 5. c4 Bg7 6. Nc2 Nf6 7. Nc3 O-O 8.
Be2 d6 9. O-O Nd7 10. Bd2 a5 11. Rc1 Nc5 12. f3 a4 13. Ne3 Be6 14. Ned5 Bxd5
15. exd5 Nb4 16. Be1 Qb6 17. Kh1 Rfc8 18. Qd2 Nd7 19. a3 Bxc3 20. Rxc3 Na6 21.
Bf2 Nac5 22. Bd1 Nf6 23. Re1 Re8 24. Rce3 Qc7 25. Bh4 Qd7 26. Qc3 Nh5 27. Rxe7
Rxe7 28. Rxe7 Qf5 29. Bf2 Nd3 30. Qd2 Nhf4 31. Bg3 Qf6 32. Re4 Qxb2 33. Qxb2
Nxb2 34. Bc2 g5 35. Bb1 Kf8 36. Kg1 Rc8 37. Bxf4 gxf4 38. Rxf4 Rxc4 39. Rxc4
Nxc4 40. Bxh7 Nxa3 41. Bd3 b5 42. Kf2 Nc4 43. Ke2 a3 44. Bb1 b4 45. Ba2 Na5 46.
Kd2 b3 0-1

[Event "17. Europa ch Juvenil - Femenino s14"]
[Site "Sibenik CRO"]
[Date "2007.09.21"]
[Round "8.8"]
[White "Baciu, Diana"]
[Black "Purgar, Ivona"]
[Result "1-0"]
[WhiteElo "2048"]
[BlackElo "1944"]
[PlyCount "53"]
[EventDate "2007.09.14"]
[EventType "swiss"]
[EventRounds "9"]
[EventCountry "CRO"]
[Source "lmi"]
[SourceDate "2007.09.14"]

1. e4 c5 2. d3 Nc6 3. f4 d6 4. Nf3 g6 5. g3 Bg7 6. Bg2 Nf6 7. O-O O-O 8. h3 Rb8
9. Nc3 b5 10. Ne2 Bb7 11. g4 c4 12. Ng3 cxd3 13. cxd3 Rc8 14. Be3 Nd7 15. Qd2
Nb6 16. f5 Na4 17. Rab1 a5 18. Bh6 Qb6+ 19. Kh1 Nb4 20. Bxg7 Kxg7 21. a3 Rc2
22. Nh5+ gxh5 23. Qg5+ Kh8 24. Qh6 Rg8 25. Ng5 Rxg5 26. Qxg5 Nxd3 27. f6 1-0

[Event "17. Europa ch Juvenil - Femenino s14"]
[Site "Sibenik CRO"]
[Date "2007.09.21"]
[Round "8.9"]
[White "Chrzaszcz, Malvina"]
[Black "Stetsko, Lanita"]
[Result "1/2-1/2"]
[WhiteElo "1872"]
[BlackElo "2029"]
[PlyCount "101"]
[EventDate "2007.09.14"]
[EventType "swiss"]
[EventRounds "9"]
[EventCountry "CRO"]
[Source "lmi"]
[SourceDate "2007.09.14"]

1. e4 c5 2. Nf3 Nc6 3. Nc3 g6 4. d4 cxd4 5. Nxd4 Bg7 6. Nb3 Nf6 7. Be2 O-O 8.
O-O d6 9. Bg5 Be6 10. f4 a5 11. a4 Nb4 12. Kh1 Qc8 13. Bf3 Rd8 14. Nd4 Bc4 15.
Re1 h6 16. Bh4 e5 17. Ndb5 Bxb5 18. Nxb5 Qc5 19. c3 Na6 20. Re2 exf4 21. Bf2
Qe5 22. Bd4 Qe7 23. e5 dxe5 24. Rxe5 Qd7 25. Qe1 Re8 26. Rd1 Nh7 27. Rxe8+ Rxe8
28. Qf2 Bxd4 29. Rxd4 Qe7 30. Re4 Qd7 31. Rxf4 Ng5 32. Rd4 Qe7 33. h4 Qe1+ 34.
Qxe1 Rxe1+ 35. Kh2 Nxf3+ 36. gxf3 Re2+ 37. Kg3 Rxb2 38. Nd6 b6 39. Ne4 b5 40.
Rd5 Nc7 41. Rc5 bxa4 42. Rxc7 a3 43. Rc4 f5 44. Nd6 Rb6 45. Nc8 Rb3 46. Ne7+
Kf7 47. Nc6 a2 48. Ra4 Rxc3 49. Nxa5 g5 50. Rxa2 gxh4+ 51. Kg2 1/2-1/2

[Event "17. Europa ch Juvenil - Femenino s14"]
[Site "Sibenik CRO"]
[Date "2007.09.21"]
[Round "8.10"]
[White "Adamowicz, Katarzyna"]
[Black "Trifonova, Sandra"]
[Result "1-0"]
[WhiteElo "2007"]
[BlackElo "1889"]
[PlyCount "111"]
[EventDate "2007.09.14"]
[EventType "swiss"]
[EventRounds "9"]
[EventCountry "CRO"]
[Source "lmi"]
[SourceDate "2007.09.14"]

1. e4 c6 2. d4 d5 3. Nc3 dxe4 4. Nxe4 Bf5 5. Ng3 Bg6 6. h4 h6 7. Nf3 Nd7 8. h5
Bh7 9. Bd3 Bxd3 10. Qxd3 Qc7 11. Bd2 e6 12. O-O-O Ngf6 13. Qe2 O-O-O 14. Ne5
Nxe5 15. dxe5 Nd5 16. f4 c5 17. c4 Nb4 18. Kb1 Nc6 19. Bc3 Be7 20. Ne4 Kb8 21.
Qg4 Rxd1+ 22. Rxd1 Rd8 23. Qf3 a6 24. g4 b5 25. cxb5 axb5 26. b3 Rd5 27. Rd2
Qd7 28. Qe2 Nd4 29. Bxd4 cxd4 30. Qd3 f6 31. exf6 gxf6 32. Rc2 e5 33. f5 Kb7
34. Kb2 Qd8 35. Kb1 Qg8 36. Qf3 Kb6 37. Nf2 Rd6 38. b4 Qd5 39. Qa3 Kb7 40. Rc5
Qg2 41. Rxb5+ Kc8 42. Rc5+ Kd8 43. Qa5+ Ke8 44. Qb5+ Kf7 45. Qc4+ Kg7 46. Nd3
Qxg4 47. Rc8 Rd8 48. Rc7 Kf8 49. Qe6 Qg7 50. b5 Qf7 51. Nc5 Rd6 52. Qc8+ Kg7
53. Ne6+ Kh7 54. Nf8+ Kg7 55. Ng6 Rd8 56. Qb7 1-0

[Event "17. Europa ch Juvenil - Femenino s14"]
[Site "Sibenik CRO"]
[Date "2007.09.21"]
[Round "8.11"]
[White "Lefevre, Margaux"]
[Black "Efremova, Daria"]
[Result "0-1"]
[WhiteElo "1889"]
[BlackElo "2033"]
[PlyCount "98"]
[EventDate "2007.09.14"]
[EventType "swiss"]
[EventRounds "9"]
[EventCountry "CRO"]
[Source "lmi"]
[SourceDate "2007.09.14"]

1. e4 c5 2. Nf3 d6 3. d4 cxd4 4. Nxd4 Nf6 5. Nc3 Nc6 6. Bg5 Bd7 7. Bxf6 gxf6 8.
Bc4 Qa5 9. Nb3 Qg5 10. Qd2 Qxg2 11. O-O-O Ne5 12. Bd5 Qh3 13. Kb1 Bh6 14. Qe2
Bc6 15. Bxc6+ Nxc6 16. Nd5 O-O-O 17. Qc4 Kb8 18. Nd4 Rc8 19. Qb5 Nxd4 20. Rxd4
Qf3 21. Rf1 Rc5 22. Qd3 Qxd3 23. Rxd3 Rc4 24. f3 Re8 25. b3 Rc5 26. f4 Rg8 27.
Rg3 Rxg3 28. hxg3 f5 29. Nxe7 fxe4 30. g4 e3 31. Nf5 Bxf4 32. Nd4 Be5 33. Ne2
Rd5 34. Kc1 Rd2 35. Re1 Kc7 36. a4 Kd7 37. c3 f6 38. Nd4 Bxd4 39. cxd4 Rxd4 40.
Rxe3 Rxg4 41. Rh3 Rg7 42. Kd2 f5 43. Ke3 Ke6 44. Kd4 Rg4+ 45. Kd3 Rb4 46. Kc3
a5 47. Rh6+ Ke5 48. Rxh7 d5 49. Rh5 Ke4 0-1

[Event "17. Europa ch Juvenil - Femenino s14"]
[Site "Sibenik CRO"]
[Date "2007.09.21"]
[Round "8.12"]
[White "Anakidze, Nino"]
[Black "Pavlidou, Ekaterini"]
[Result "1-0"]
[WhiteElo "1868"]
[BlackElo "1984"]
[PlyCount "74"]
[EventDate "2007.09.14"]
[EventType "swiss"]
[EventRounds "9"]
[EventCountry "CRO"]
[Source "lmi"]
[SourceDate "2007.09.14"]

1. e4 c5 2. Nf3 e6 3. c3 d5 4. exd5 Qxd5 5. d4 Nf6 6. Be3 cxd4 7. cxd4 Bd7 8.
Nc3 Qa5 9. Bd3 Bd6 10. O-O Bc6 11. h3 O-O 12. a3 Qd8 13. Re1 Nbd7 14. Qe2 Rc8
15. Rad1 Bxf3 16. Qxf3 Bxa3 17. Qxb7 Rb8 18. Qxa7 Bxb2 19. Nb5 Ra8 20. Qb7 Qa5
21. Bd2 Qa4 22. Bf4 e5 23. Bxe5 Nxe5 24. dxe5 Bxe5 25. Qf3 Rfe8 26. g3 Rad8 27.
Qc6 g6 28. Qc4 Qa5 29. Qb3 Rb8 30. Bc4 Rb7 31. Re3 Kg7 32. Rde1 Rbe7 33. f4 Bc3
34. Rxe7 Bxe1 35. Rxf7+ Kh8 36. Qb2 Qb6+ 37. Kg2 Qc6+ 1-0

[Event "17. Europa ch Juvenil - Femenino s14"]
[Site "Sibenik CRO"]
[Date "2007.09.21"]
[Round "8.13"]
[White "Stodolnik, Alicja"]
[Black "Brunello, Marina"]
[Result "0-1"]
[WhiteElo "1789"]
[BlackElo "1947"]
[PlyCount "132"]
[EventDate "2007.09.14"]
[EventType "swiss"]
[EventRounds "9"]
[EventCountry "CRO"]
[Source "lmi"]
[SourceDate "2007.09.14"]

1. c4 e6 2. Nf3 Nf6 3. g3 d5 4. b3 Be7 5. Bb2 c5 6. cxd5 exd5 7. d4 Ne4 8. Bg2
Bf6 9. O-O Nc6 10. e3 Bg4 11. Na3 cxd4 12. exd4 O-O 13. Nc2 Qa5 14. Qd3 Bxf3
15. Bxf3 Nd2 16. Rfe1 Nxf3+ 17. Qxf3 Rad8 18. a3 Qb6 19. Rad1 h6 20. Rd3 Rd7
21. Qf5 Rfd8 22. h4 Na5 23. Rde3 g6 24. Qf3 Kg7 25. R1e2 Nc6 26. Qf4 Qc7 27.
Qf3 Ne7 28. Rc3 Qb6 29. Rc5 Qd6 30. Ne3 b6 31. Rc1 Nc6 32. Rd2 Na5 33. Rd3 Re8
34. Qg4 Kh7 35. h5 Re4 36. hxg6+ fxg6 37. Qd1 Rde7 38. Rc2 Bg5 39. Bc1 Bxe3 40.
Bxe3 Qxa3 41. Qd2 Qd6 42. Rdc3 g5 43. Qd3 Kg7 44. Rc8 Re8 45. R8c7+ R8e7 46.
Rc8 Re8 47. R8c7+ R4e7 48. R7c3 Rf8 49. Qe2 Rff7 50. Qg4 Kh7 51. Qh5 Qg6 52.
Qd1 Qd6 53. Qh5 Kg7 54. Qg4 Qe6 55. Qh5 Qf5 56. Rc8 Nxb3 57. g4 Qg6 58. Qh1 Qe4
59. Qh5 Nxd4 60. Rh8 Nf3+ 61. Kf1 Kxh8 62. Qxh6+ Kg8 63. Rc6 Rh7 64. Rg6+ Reg7
65. Rxg7+ Rxg7 66. Qd6 d4 0-1

[Event "17. Europa ch Juvenil - Femenino s14"]
[Site "Sibenik CRO"]
[Date "2007.09.21"]
[Round "8.16"]
[White "Nikologorskaya, Tatiana"]
[Black "Sokolova, Vera"]
[Result "0-1"]
[WhiteElo "1890"]
[BlackElo "2009"]
[PlyCount "90"]
[EventDate "2007.09.14"]
[EventType "swiss"]
[EventRounds "9"]
[EventCountry "CRO"]
[Source "lmi"]
[SourceDate "2007.09.14"]

1. c4 e6 2. Nf3 d5 3. g3 Nf6 4. Bg2 Bd6 5. O-O O-O 6. d3 c5 7. cxd5 exd5 8. e3
Nc6 9. Nc3 Re8 10. Re1 a6 11. a4 Rb8 12. b3 Bg4 13. h3 Bf5 14. Nh4 Be6 15. d4
cxd4 16. exd4 Bb4 17. Bb2 Rc8 18. Re3 Qd7 19. Kh2 g5 20. Nf3 h6 21. Ne5 Qc7 22.
Rc1 Kg7 23. Nxc6 bxc6 24. Qd3 Qb7 25. Na2 Bd6 26. Rce1 Rc7 27. Nc1 Rce7 28. Qd1
Rb8 29. Qc2 Nd7 30. Ne2 Nf8 31. Rf1 Ng6 32. Rc3 Bf5 33. Qd1 Nh4 34. f4 Nxg2 35.
Kxg2 Rbe8 36. Nc1 Qd7 37. Qh5 Bg6 38. Qd1 Bb4 39. Rcf3 Be4 40. fxg5 hxg5 41.
Kh2 Rh8 42. g4 Bd6+ 43. Kg1 Bxf3 44. Qxf3 Bf4 45. Nd3 Re3 0-1